000 00681nam a2200205 a 4500
001 000036773
005 20200930075928.0
008 120131s1962 ag c 000 0 spa d
082 _axxx
_bL866u, 1962
100 1 _aLord, Walter,
_d1917-
_963102
240 1 0 _aA night to remember.
_lEspañol
245 1 3 _aLa última noche del Titanic /
_cWalter lord ; traducción de Rosa S. de Naveira.
250 _a3a ed.
260 _aBuenos Aires :
_bEdiciones Selectas,
_c1962.
300 _a217 p. :
_bretrs. ;
_c20 cm.
500 _aIncluye lista de pasajeros.
534 _atraducido del inglés A night to remember
700 1 _aNaveira, Rosa S. de,
_etr.
_963103
999 _c36264
_d36264
040 _aDO-SdBNP